Plasma Forming by Spreading of Pulsed Electron Beam in High Pressure Gases; EAPPC with BEAMS and MEGAGAUSS, 2016 Estoril [EAPPC 2016, 6th Euro-Asian Pulsed Power Conference ; BEAMS 2016, 21st International Conference on High-Power Particle Beams ; MG-XV, 15th International Conference on Megagauss Magnetic Field Generation and Rlated Tpics]

Bibliographic Details
Parent link:EAPPC with BEAMS and MEGAGAUSS, 2016 Estoril [EAPPC 2016, 6th Euro-Asian Pulsed Power Conference ; BEAMS 2016, 21st International Conference on High-Power Particle Beams ; MG-XV, 15th International Conference on Megagauss Magnetic Field Generation and Rlated Tpics].— 2016.— P. 230
Main Author: Remnev G. E. Gennady Efimovich
Corporate Author: Национальный исследовательский Томский политехнический университет (ТПУ) Институт физики высоких технологий (ИФВТ) Лаборатория № 1
Other Authors: Aktaev N. E. Nurken Erbolatovich
Summary:В фонде НТБ ТПУ отсутствует
Language:English
Published: 2016
Subjects:
Format: MixedMaterials Book Chapter
KOHA link:https://koha.lib.tpu.ru/cgi-bin/koha/opac-detail.pl?biblionumber=602727

MARC

LEADER 00000naa0a2200000 4500
001 602727
005 20250916154249.0
035 |a (RuTPU)RU\TPU\tpu\28970 
035 |a RU\TPU\tpu\28969 
090 |a 602727 
100 |a 20170419d2016 k||y0rusy50 ba 
101 0 |a eng 
102 |a PT 
200 1 |a Plasma Forming by Spreading of Pulsed Electron Beam in High Pressure Gases  |f G. E. Remnev, N. E. Aktaev 
320 |a References: p. 230 (5 tit.) 
333 |a В фонде НТБ ТПУ отсутствует 
463 1 |t EAPPC with BEAMS and MEGAGAUSS, 2016 Estoril [EAPPC 2016, 6th Euro-Asian Pulsed Power Conference ; BEAMS 2016, 21st International Conference on High-Power Particle Beams ; MG-XV, 15th International Conference on Megagauss Magnetic Field Generation and Rlated Tpics]  |o Cascais and The Estoril Coast-Portugal 18 to 22 Septrmber 2016 : abstracts  |v P. 230  |d 2016 
610 1 |a труды учёных ТПУ 
610 1 |a плазма 
610 1 |a формирование 
610 1 |a импульсные электронные пучки 
610 1 |a распространение 
610 1 |a газы повышенного давления 
700 1 |a Remnev  |b G. E.  |c physicist  |c Professor of Tomsk Polytechnic University, Doctor of technical sciences  |f 1948-  |g Gennady Efimovich  |3 (RuTPU)RU\TPU\pers\31500 
701 1 |a Aktaev  |b N. E.  |c physicist  |c research engineer of Tomsk Polytechnic University, Candidate of physical and mathematical sciences  |f 1985-  |g Nurken Erbolatovich  |3 (RuTPU)RU\TPU\pers\33514 
712 0 2 |a Национальный исследовательский Томский политехнический университет (ТПУ)  |b Институт физики высоких технологий (ИФВТ)  |b Лаборатория № 1  |3 (RuTPU)RU\TPU\col\19035 
801 1 |a RU  |b 63413507  |c 20170419 
801 2 |a RU  |b 63413507  |c 20170419  |g RCR 
942 |c BK